00929nam a2200217 a 450000100100000000500170001000800410002704000250006808200150009310000410010824501250014926000350027430000300030960000410033965000220038070000310040270000320043391000370046595201920050299900170069400003498420240510073817.0111024s1944 ag c 000 0 spa d aDO-SdBNPbspacBNPHU a100bD579e1 aDilthey, Guillermod1833-191194567913aLa esencia de la filosofía /cGuillermo Dilthey ; estudio preliminar Eugenio Pucciarelli ; traducción Elsa Tabernig. aBuenos Aires :bLosada,c1944. a208 p. :bretr. ;c21 cm.14aDILTHEY, GUILLERMOd1833-1911945680 0aFilosofía 981312aPucciarelli, Eugenio9849312aTabering, Elsa,etr.960589 aValidado. Control de calidad MFF 001052708RVaGRbGRcHDd2011-10-24iLF1l0o100 D579ep34984-10r2020-06-25w2020-06-25y2zPerteneció a la biblioteca personal de Juan Isidro Jimenes- GrullónZPréstamo interno c34475d34475